Statistics for Eurovision Song Contest Host Cities

Click here to take the quiz!

General Stats

  • This quiz has been taken 820 times
  • The average score is 44 of 59

Answer Stats

HintAnswer% Correct
2010Oslo
96%
1996Oslo
96%
1960London
94%
1977London
94%
1963London
94%
1968London
94%
2000Stockholm
94%
1975Stockholm
94%
2001Copenhagen
93%
2014Copenhagen
93%
1964Copenhagen
93%
1994Dublin
92%
1988Dublin
92%
1971Dublin
92%
1995Dublin
92%
1981Dublin
92%
1997Dublin
92%
2009Moscow
92%
1978Paris
90%
2007Helsinki
89%
2006Athens
88%
1991Rome
87%
2005Kiev
86%
1969Madrid
86%
1992Malmö
86%
2013Malmö
86%
1970Amsterdam
85%
2012Baku
84%
2003Riga
82%
2004Istanbul
80%
1999Jerusalem
80%
1979Jerusalem
80%
1967Vienna
79%
2008Belgrade
78%
1987Brussels
76%
2011Düsseldorf
76%
1966Luxembourg City
73%
1984Luxembourg City
73%
1962Luxembourg City
73%
1973Luxembourg City
73%
2002Tallinn
72%
1983Munich
67%
1990Zagreb
62%
1998Birmingham
61%
1957Frankfurt-am-Main
53%
1956Lugano
49%
1980The Hague
49%
1976The Hague
49%
1986Bergen
48%
1965Naples
48%
1972Edinburgh
46%
1985Gothenburg
45%
1993Millstreet
45%
1974Brighton
44%
1961Cannes
41%
1959Cannes
41%
1989Lausanne
41%
1982Harrogate
35%
1958Hilversum
33%

Score Distribution

Percentile by Number Answered

Percent of People with Each Score

Your Score History

You have not taken this quiz